बच्चों को प्यार दें / (Record no. 206145)

MARC details
000 -LEADER
fixed length control field 00896nam a22002057a 4500
005 - DATE AND TIME OF LATEST TRANSACTION
control field 20241007154910.0
010 ## - LCCN (DPL NO)
LC control number HIN-128542
020 ## - INTERNATIONAL STANDARD BOOK NUMBER
International Standard Book Number 9788123791142
Terms of availability 145.00
035 ## - SYSTEM CONTROL NUMBER
System control number HN-100888
037 ## - SOURCE OF ACQUISITION
Source of stock number/acquisition DBAD
082 ## - DEWEY DECIMAL CLASSIFICATION NUMBER
Classification number 305.231
100 ## - MAIN ENTRY--PERSONAL NAME
Personal name मंजु देवी
245 ## - TITLE STATEMENT
Title बच्चों को प्यार दें /
Statement of responsibility, etc मंजु देवी
250 ## - EDITION STATEMENT
Edition statement प्रथम
260 ## - PUBLICATION, DISTRIBUTION, ETC. (IMPRINT)
Place of publication, distribution, etc नई दिल्ली
Name of publisher, distributor, etc राष्ट्रिय पुस्तक न्यास
Date of publication, distribution, etc 2020
270 ## - ADDRESS
Address नेहरू भवन, 5 इंस्टीट्यूशनल एरिया, फेज -2 ,वसंत कुंज
City नई दिल्ली
Postal code 110070
300 ## - PHYSICAL DESCRIPTION
Extent 188 पृ.
Dimensions 22सेमी(अजिल्द)
700 ## - ADDED ENTRY--PERSONAL NAME
9 (RLIN) 72400
Personal name ई. स्टैनली जोन्स
942 ## - ADDED ENTRY ELEMENTS (KOHA)
Source of classification or shelving scheme Dewey Decimal Classification
Item type Hindi Books
Classification part 305.231
Call number suffix मंजु
Holdings
Withdrawn status Lost status Not for loan Collection code Home library Current library Date acquired Source of acquisition Cost, normal purchase price Full call number Barcode Copy number Cost, replacement price Koha item type
      Non-fiction Bawana Bawana 07/10/2024 DBAD 145.00 305.231 मंजु HN-100888 1 145.00 Hindi Books

© Delhi Public Library
Hit Counter
free hit counter